HIT : kompletný sprievodca histamínovou intoleranciou /
Uloženo v:
| Hlavní autor: | |
|---|---|
| Další autoři: | |
| Médium: | E-kniha |
| Jazyk: | Slovak |
| Vydáno: |
V Bratislave :
Lindeni,
2018
|
| Vydání: | 1. slovenské vydanie |
| Témata: | |
| Tagy: |
Žádné tagy |
| LEADER | 01935nam a22004697i 4500 | ||
|---|---|---|---|
| 001 | 310937 | ||
| 003 | CZ PrSKC | ||
| 005 | 20260601215657.0 | ||
| 007 | ta | ||
| 008 | 181002s2018 xo e |||| 0 slo d | ||
| 020 | |a 9788056606223 |q (brožováno) | ||
| 040 | |a OSA001 |b cze |e rda | ||
| 041 | 1 | |a slo |h eng | |
| 072 | 7 | |a 616 |x Patologie. Klinická medicína |2 Konspekt | |
| 080 | |a 616-02 |2 MRF-sel | ||
| 080 | |a 613.2 |2 MRF-sel | ||
| 080 | |a 577 |2 MRF-sel | ||
| 080 | |a 641/642 |2 MRF-sel | ||
| 100 | 1 | |a Gibb, James L. |7 xx0302005 |4 aut | |
| 240 | 1 | 0 | |a Is food making you sick?. |l Česky |
| 245 | 1 | 0 | |a HIT : |b kompletný sprievodca histamínovou intoleranciou / |c James L. Gibb ; z anglického originálu Is food making you sick? The strictly low histamine diet ... preložil Michal Zidor |
| 250 | |a 1. slovenské vydanie | ||
| 264 | 1 | |a V Bratislave : |b Lindeni, |c 2018 | |
| 300 | |a 300 stran : |b ilustrace ; |c 23 cm | ||
| 336 | |a text |b txt |2 rdacontent | ||
| 337 | |a bez média |b n |2 rdamedia | ||
| 338 | |a svazek |b nc |2 rdacarrier | ||
| 504 | |a Obsahuje bibliografii a rejstřík | ||
| 650 | 0 | 7 | |a potravinová intolerance |7 ph505550 |2 czenas |
| 650 | 0 | 7 | |a alergie na potraviny |7 ph192845 |2 czenas |
| 650 | 0 | 7 | |a histamin |7 ph120706 |2 czenas |
| 650 | 0 | 7 | |a dietoterapie |7 ph119436 |2 czenas |
| 650 | 0 | 7 | |a racionální výživa |7 ph124968 |2 czenas |
| 655 | 7 | |a příručky |7 fd133209 |2 czenas | |
| 655 | 7 | |a kuchařské recepty |7 fd132687 |2 czenas | |
| 700 | 1 | |a Zidor, Michal |7 xx0122912 |4 trl | |
| 900 | |a OSA001 |b 18 | ||
| 928 | 9 | |a Albatros Media - Lindeni | |
| 044 | |a xr | ||
| 910 | |a RBIT002 | ||
| 998 | |d 179290 |a https://core.palmknihy.cz/api/books/179290/cover?pf6wr3 |b https://core.palmknihy.cz/api/books/179290/cover/400?pf6wr3 |c https://core.palmknihy.cz/api/books/179290/cover/50?pf6wr3 |e |g 304 |i 9788056606223 |k https://core.palmknihy.cz/api/books/179290/preview.pdf |l |q 49 |r 1 |s https://www.palmknihy.cz/kniha/179290 |t ebook |y 2018 |z 0 | ||
| 999 | |d 310935 | ||